000 00962cam a2200265 a 4500
999 _c19372
_d19372
001 3823666
005 20170116105213.0
008 860508r1986 nyua 000 0 eng
010 _a 86012230
020 _a0517564300 :
_c$22.50
043 _ae-uk-en
050 0 0 _aNK8667.L4A4 1986
100 1 _aLe Grice, Lyn.
245 1 4 _aThe art of stencilling /
_bby Lyn Le Grice :
_cforeword by H.R.H. Michael of Kent ; photographs by David Cripps.
250 _a1st American ed.
260 _aNew York :
_bClarkson N. Potter :
_bDistributed by Crown Publishers,
_cc1986.
300 _a160 p. :
_bill. (some col.) ;
_c28 cm.
600 1 0 _aLe Grice, Lyn.
650 0 _aStencil work
_zEngland
_xHistory
_y20th century.
942 _2lcc
_cBOOKS
_hNK8667.L4A4 1986